000 00410nam a22001697a 4500
003 MPLRDC
005 20220104124957.0
008 210129b ||||| |||| 00| 0 eng d
082 _a857.9 YW-3 v.2
100 _a忆文
245 _a一剑光寒起画楼. 下
_c
260 _a
_b毅力出版社
_c
300 _b
490 _a忆文武侠专辑
650 _a武侠小说
942 _cBK
_o857.9 YW-3 v.2
999 _c23650
_d23640